Phenomenology of the Scientific System of Kazakhstan: A Study of Social and Economic Effects through the Hofstede’s Five-dimensional Model of Cultural Space and Beyond
Kultúrny model vedy a vedecký systém Kazachstanu sú teoretizované a aktualizované rozšírené o Hofstedeho päťrozmerný model kultúrneho priestoru v kontexte vedeckého systému.
Na minha lista:
| Autor principal: | |
|---|---|
| Outros Autores: | , , , |
| Formato: | Capítulo de Livro |
| Idioma: | inglês |
| Assuntos: | |
| Tags: |
Sem tags, seja o primeiro a adicionar uma tag!
|
MARC
| LEADER | 00000naa a2200000 4500 | ||
|---|---|---|---|
| 001 | 0297426 | ||
| 005 | 20231205085502.1 | ||
| 041 | 0 | |a eng | |
| 044 | |a UA | ||
| 245 | 1 | 0 | |a Phenomenology of the Scientific System of Kazakhstan: A Study of Social and Economic Effects through the Hofstede’s Five-dimensional Model of Cultural Space and Beyond |c Adilbek Bisenbaev, Kulzhanat Bulatbayeva, Duman Orynbekov, Saniya Zhumazhanova, Serik Azambayev |
| 520 | |a Kultúrny model vedy a vedecký systém Kazachstanu sú teoretizované a aktualizované rozšírené o Hofstedeho päťrozmerný model kultúrneho priestoru v kontexte vedeckého systému. | ||
| 610 | 2 | 0 | |a kultúra |
| 610 | 2 | 0 | |a veda |
| 610 | 2 | 0 | |a modely |
| 610 | 2 | 0 | |a Kazachstan |
| 100 | 1 | |a Bisenbaev, Adilbek | |
| 700 | 1 | |a Bulatbayeva, Kulzhanat | |
| 700 | 1 | |a Orynbekov, Duman | |
| 700 | 1 | |a Zhumazhanova, Saniya | |
| 700 | 1 | |a Azambayev, Serik | |